000 00418nam a2200169Ia 4500
008 210210b2001 xxu||||| |||| 00| 0 eng d
020 _a81 7446 236 8
082 _a382 AGRI
100 _aAGRAWAL (Raj).
245 _aInternational trade. Ed 1.
250 _a
260 _aNew Delhi.
_bExcel Books
_c2001
300 _a303
650 _aInternational Trade
690 _aInternational Trade
906 _a057267
999 _c104887
_d104887